Digitális készségek és egészségügyi oktatás alkalmazkodás a mesterséges intelligencia korszakához : [absztrakt] /

Elmentve itt :
Bibliográfiai részletek
Szerzők: Borbás Anna
Lendvai Edina
Testületi szerző: Műszaki, technológiai és gazdasági kihívások a 21. században
Dokumentumtípus: Könyv része
Megjelent: Szegedi Tudományegyetem Mérnöki Kar Szeged 2025
Sorozat:Műszaki, technológiai és gazdasági kihívások a 21. században : nemzetközi magyar nyelvű tudományos konferencia
Kulcsszavak:Mesterséges intelligencia alkalmazása - egészségügyi oktatás - előadáskivonat, Oktatás - számítógép alkalmazása - előadáskivonat, Digitális oktatás - módszer - előadáskivonat
Tárgyszavak:
Online Access:http://acta.bibl.u-szeged.hu/88028
LEADER 01222naa a2200229 i 4500
001 acta88028
005 20250613113612.0
008 250613s2025 hu o 100 hun d
020 |a 978-963-688-052-1 
040 |a SZTE Egyetemi Kiadványok Repozitórium  |b hun 
041 |a hun 
100 1 |a Borbás Anna 
245 1 0 |a Digitális készségek és egészségügyi oktatás  |h [elektronikus dokumentum] :  |b alkalmazkodás a mesterséges intelligencia korszakához : [absztrakt] /  |c  Borbás Anna 
260 |a Szegedi Tudományegyetem Mérnöki Kar  |b Szeged  |c 2025 
300 |a 33 
490 0 |a Műszaki, technológiai és gazdasági kihívások a 21. században : nemzetközi magyar nyelvű tudományos konferencia 
650 4 |a Társadalomtudományok 
650 4 |a Oktatástudomány 
695 |a Mesterséges intelligencia alkalmazása - egészségügyi oktatás - előadáskivonat, Oktatás - számítógép alkalmazása - előadáskivonat, Digitális oktatás - módszer - előadáskivonat 
700 0 1 |a Lendvai Edina  |e aut 
711 |a Műszaki, technológiai és gazdasági kihívások a 21. században  |c Szeged  |d 2025. május 30. 
856 4 0 |u http://acta.bibl.u-szeged.hu/88028/1/mtg_kihivasok_konf_2025_033.pdf  |z Dokumentum-elérés